Aplikácia umelej inteligencie pre počítačovú hru

Guardado en:
Detalles Bibliográficos
Autor principal: Matušica, Boris (Autor)
Otros Autores: Kebísek, Michal (Orientador)
Formato: Manuscrito Libro
Lenguaje:eslovaco
Publicado: 2017
Materias:
Acceso en línea:http://is.stuba.sk/zp/portal_zp.pl?podrobnosti=126251
Etiquetas: Agregar Etiqueta
Sin Etiquetas, Sea el primero en etiquetar este registro!

MARC

LEADER 00000ntm a22000003a 4500
001 stuzp60841
003 SK-STU
005 20170610210325.3
007 ta
008 150427s2015----xo-----f-mn---000-0-slo-d
040 |a STU  |b slo 
041 0 |a slo 
100 1 |a Matušica, Boris  |u 066000  |k Z4  |4 aut  |U MTF Materiálovotechnologická fakulta  |T MTF Ústav aplikovanej informatiky, automatizácie a mechatroniky  |X 46695  |U M6000  |Y 86  |7 46695 
242 0 1 |a Application of artificial intelligence for computer game  |y eng 
245 1 0 |a Aplikácia umelej inteligencie pre počítačovú hru 
260 |c 2017 
650 4 |a hľadanie najkratšej cesty  |2 slo 
650 4 |a umelá inteligencia  |2 slo 
650 4 |a herná inteligencia  |2 slo 
650 4 |a herný engine  |2 slo 
650 4 |a artificial intelligence  |2 eng 
650 4 |a game intelligence  |2 eng 
650 4 |a game engine  |2 eng 
650 4 |a pathfinding  |2 eng 
700 1 |a Kebísek, Michal  |u 066000  |k Z1  |4 ths  |U MTF Materiálovotechnologická fakulta  |T MTF Ústav aplikovanej informatiky, automatizácie a mechatroniky  |X 2798  |U M6000  |Y 86  |7 A000002798 
856 4 |u http://is.stuba.sk/zp/portal_zp.pl?podrobnosti=126251 
996 |c M* DP-13347  |l MMSKP  |s P  |a 0  |w stuzp60841_0001